00428nam a22001337a 4500003000500000038001800005082000800023100002600031245008700057264003200144300002400176700003600200856005800236NUST aNusrat Nadeem a200 aEjaz, Shariq Abdullah aFeasibility of a Marketing Agency in Islamabad / Rawalpindi/cShariq Abdullah Ejaz aslamabad,bNBS NUST,c2023. aill:b53,p:c30,cm. aSupervisor: Dr. Muhammad Shariq u http://10.250.8.41:8080/xmlui/handle/123456789/40652